ბათუმის შოთა რუსთაველის სახელმწიფო უნივერსიტეტის ბიბლიოთეკა

ორი ოსმალური დავთარი ბათუმის შესახებ = Two Ottoman Defters About Batumi / (ბიბ.ჩანაწერი № 63507)

000 -ლიდერი
ფიქსირებული სიგრძის საკონტროლო ველი 01193nam a22002057a 4500
003 - საკონტროლო ნომრის იდენტიფიკატორი
საკონტროლო ველი Ge_BSU
005 - ბოლო ოპერაციის თარიღი და დრო
საკონტროლო ველი 20251020202321.0
008 - ფიქსირებული სიგრძის მონაცემთა ელემენტები - ზოგადი ინფორმაცია
ფიქსირებული სიგრძის საკონტროლო ველი 251020s2024 ge ||||| |||| 00| 0 geo d
020 ## - წიგნის საერთაშორისო სტანდარტული ნომერი
International Standard Book Number 9789941337567
041 ## - ენის კოდი
Language code of text/sound track or separate title geo
080 ## - უნივერსალური ათობითი კლასიფიკაციის ინდექსი
Universal Decimal Classification number 94(479.223)(093) ო-57
245 ## - ცნობა სათაურის შესახებ
Title ორი ოსმალური დავთარი ბათუმის შესახებ = Two Ottoman Defters About Batumi /
Statement of responsibility, etc თურქულიდან თარგმნა ზაზა შაშიკაძემ; რედაქტორები : მამია ფაღავა, მირიან მახარაძე, ბაკურ გოგოხია.
264 ## - წარმოების, გამოცემის, დისტრიბუციის და სხვა ცნობები
გამოცემის, წარმოების, დისტრიბუციის... ადგილი თბილისი :
გამოცემის, წარმოების, დისტრიბუციის... სახელწოდება უნივერსალი,
გამოცემის, წარმოების, დისტრიბუციის... თარიღი 2024.
300 ## - ფიზიკური აღწერა
Extent 552 გვ.:
Other physical details ილ.;
Dimensions 29 სმ.
700 ## - ADDED ENTRY--PERSONAL NAME
Personal name შაშიკაძე, ზაზა
Relator term მთარგმნელი
9 (RLIN) 26084
700 ## - ADDED ENTRY--PERSONAL NAME
Personal name ფაღავა, მამია
Relator term რედაქტორი
9 (RLIN) 26085
700 ## - ADDED ENTRY--PERSONAL NAME
Relator code მახარაძე, მირიან
Relator term რედაქტორი
9 (RLIN) 26086
700 ## - ADDED ENTRY--PERSONAL NAME
Personal name გოგოხია, ბაკურ
Relator term რედაქტორი
9 (RLIN) 26087
942 ## - ADDED ENTRY ELEMENTS (KOHA)
Source of classification or shelving scheme
Koha item type წიგნი
ეგზემპლარები
ჩამოწერის სტატუსი დაკარგული ეგზემპლარის სტატუსი კლასიფიკაციის წყარო ან თაროზე გაწყობის სქემა დაზიანების სტატუსი არ გაიცემა მუდმივი მდებარეობა (დაცვის ადგილი) ამჟამინდელი ადგილსამყოფელი თაროზე განთავსების ადგილი შეძენის თარიღი ღირებულება, შესყიდვის ნორმალური ფასი სრული შენახვის შიფრი შტრიხკოდი ბოლო ოპერაციის თარიღი ეგზემპლარის მიმდევრობითი ნომერი (კეტერი?) Uniform Resource Identifier ფასის ძალაში შესვლის თარიღი ეგზემპლარის სახეობა საჯარო შენიშვნა
          ბათუმის შოთა რუსთაველის სახელმწიფო უნივერსიტეტის მთავარი ბიბლიოთეკა ბათუმის შოთა რუსთაველის სახელმწიფო უნივერსიტეტის მთავარი ბიბლიოთეკა წიგნსაცავი 2025-10-20 25.00 94(479.223)(093) ო-57 72749 2025-10-20 72749 ნაჩუქარი 2025-10-20 წიგნი 25 ლ.